000 00339nam a2200133Ia 4500
008 190723s9999 xx 000 0 und d
020 _a978-0-19-956707-2
100 _aSusan Ratcliffe
245 0 _aConcise Oxford Dictionary of Qoutations
250 _a6th
260 _aNew York
_bOxford Uni Press
_c2011
300 _a584.:p
942 _cBK
999 _c1721
_d1721